000 00727nam a2200217Ia 4500
003 GCL
008 140319s9999 xx 000 0 ara d
020 _a0089010977
040 _aGCL /
_cGCL
082 0 4 _a229.7
_bم ا
100 1 _aمنصور محمد حسب النبى
245 1 0 _aارتياد الفضاء بين العلم والقران /
_cمنصور محمد حسب النبى
250 _aالاولى
260 _aالقاهرة :
_bدار الفكر العربى ،
_c1997
300 _a144 ص ؛
_c24 سم
650 0 4 _aغزو الفضاء
650 0 4 _aالقران - اعجاز
650 0 4 _aالعلوم - الفضاء
650 0 4 _aالفضاء الخارجى - اكتشافات
942 _2ddc
_cBK
999 _c6250
_d6250